LEADER 01221nas 2200397- 450 001 9910139230503321 005 20220620213021.0 011 $a2300-0163 035 $a(CKB)2560000000108851 035 $a(CONSER)--2013214688 035 $a(EXLCZ)992560000000108851 100 $a20130319b2012201u --- - 101 0 $aeng 181 $ctxt$2rdacontent 182 $cc$2rdamedia 183 $acr$2rdacarrier 200 10$aActa zoologica Cracoviensia 210 1$aKraków :$cInstitute of Systematics and Evolution of Animals, Polish Academy of Sciences 215 $a1 online resource 300 $aRefereed/Peer-reviewed 311 $aPrint version: Acta zoologica Cracoviensia (2012) (DLC) 2013214688 (OCoLC)841094365 2299-6060 517 1 $aAZC 606 $aZoology 606 $aZoologie 606 $azoology$2aat 606 $aZoology$2fast$3(OCoLC)fst01184696 615 0$aZoology. 615 6$aZoologie. 615 7$azoology. 615 7$aZoology. 712 02$aInstytut Systematyki i Ewolucji Zwierz?t (Polska Akademia Nauk) 906 $aJOURNAL 912 $a9910139230503321 920 $aexl_impl conversion 996 $aActa zoologica Cracoviensia$9802350 997 $aUNINA LEADER 00868nam a2200253 i 4500 001 991002551669707536 005 20020503170615.0 008 000908s1959 it ||| | ita 035 $ab10380887-39ule_inst 035 $aEXGIL105791$9ExL 040 $aBiblioteca Interfacoltą$bita 082 0 $a782.1092 100 1 $aMaione, Italo$0188509 245 13$aIl dramma di Wagner /$cItalo Maione 250 $a2. ed. riveduta e ampliata 260 $aNapoli :$bLibreria scientifica,$c1959 300 $a337 p. :$bill. ;$c21 cm. 650 4$aWagner, Richard 907 $a.b10380887$b02-04-14$c27-06-02 912 $a991002551669707536 945 $aLE002 Ted. III N 12$g1$i2002000938947$lle002$o-$pE0.00$q-$rl$s- $t0$u1$v0$w1$x0$y.i10445626$z27-06-02 996 $aDramma di Wagner$9202824 997 $aUNISALENTO 998 $ale002$b01-01-00$cm$da $e-$fita$git $h3$i1